| 000 | 00854nam a22002177a 4500 | ||
|---|---|---|---|
| 999 |
_c1512 _d1512 |
||
| 003 | CoMeUDC | ||
| 005 | 20220331122029.0 | ||
| 008 | 220331b ||||| |||| 00| 0 eng d | ||
| 040 | _cCO-UdeC | ||
| 082 |
_a347.09 _bR173 |
||
| 100 |
_91996 _aRamírez Ramírez, Jorge Octavio |
||
| 245 |
_aLa reforma de lo contencioso administrativo : _b(ley 446) / _cJorge Octavio Ramírez Ramírez. |
||
| 260 |
_aMedellín : _bLibrería Jurídica Sánchez R., _c1998. |
||
| 300 |
_a101 p. : _c24 cm. |
||
| 505 | _aIntroducción -- La estructura de la jurisdicción -- Los aspectos procedimentales -- La conciliación contenciosa administrativa -- Conclusiones -- Cuadro de competencias | ||
| 546 | _aEspañol | ||
| 650 | 0 |
_91997 _aLey 446 |
|
| 650 | 0 |
_91957 _aProcedimiento contencioso administrativo |
|
| 650 | 0 |
_91881 _aDerecho administrativo |
|
| 942 |
_2ddc _cBK |
||